000 00327nam a2200145Ia 4500
100 _aRamamurti/V
942 _cBK
366 _f20
654 _avibration
245 _aMechanical vibration practice and noise control
260 _bNarosa Publication House
_c2008
082 _a620.3/RAM
546 _aENGLISH
999 _c23184
_d23184